000 00456nam a2200169 a 4500
001 6966
003 CO-ViMGA
008 141112s2004 ck r 000 u spa d
040 _aCO-ViMGA
_bspa
_cCO-ViMGA
082 0 4 _a350.711 A537
100 1 _aAlessandri Rodríguez, Arturo
_95989
245 1 0 _aDe los contratos
260 _a(Santiago de Chile) :
_bJurídica de Chile,
_c199 -
300 _a223 p
650 1 4 _aCONTRATOS PUBLICOS
_95990
942 _2ddc
_cBK
999 _c18933
_d18933